WTO v politike medzinárodnej konkurencie krajín
Mimotarifné bariéry medzinárodného obchodu ako nová forma protekcionizmu. Prejavy a formy neoprotekcionizmu. Vznik Svetovej obchodnej organizácie (WTO). Princípy GATT/WTO. Podstata konkurenčnej politiky krajiny. Dôsledky neúplnej konkurencie.
Uložené v:
| Hlavný autor: | |
|---|---|
| Médium: | Kapitola |
| Jazyk: | Slovak |
| Predmet: | |
| Tagy: |
Žiadne tagy, Buďte prvý, kto otaguje tento záznam!
|
MARC
| LEADER | 00000naa a2200000 4500 | ||
|---|---|---|---|
| 001 | r036961 | ||
| 005 | 20230825101744.3 | ||
| 041 | 0 | |a slo | |
| 044 | |a SK | ||
| 245 | 1 | 0 | |a WTO v politike medzinárodnej konkurencie krajín |c Rudolf Kostolanský |
| 520 | |a Mimotarifné bariéry medzinárodného obchodu ako nová forma protekcionizmu. Prejavy a formy neoprotekcionizmu. Vznik Svetovej obchodnej organizácie (WTO). Princípy GATT/WTO. Podstata konkurenčnej politiky krajiny. Dôsledky neúplnej konkurencie. | ||
| 610 | 2 | 0 | |a obchod medzinárodný |
| 610 | 2 | 0 | |a bariéry obchodu zahraničného |
| 610 | 2 | 0 | |a neoprotekcionizmus |
| 610 | 2 | 0 | |a Svetová obchodná organizácia |
| 610 | 2 | 0 | |a dumping |
| 610 | 2 | 0 | |a trh medzinárodný |
| 610 | 2 | 0 | |a konkurencia medzinárodná |
| 610 | 2 | 0 | |a kartely |
| 100 | 1 | |a Kostolanský, Rudolf | |